000 00550nam a2200217Ia 4500
003 OSt
005 20220927112543.0
006 a|||||r|||| 00| 0
007 ta
008 220926b |||||||| |||| 00| 0 eng d
024 _a151240
037 _cReports
040 _aRTL
_cRTL
_beng
041 _2eng
_aeng
082 _a"V21,K,Lr, F0/GD"
100 _aGroot P
_9383839
245 0 _aSelections from the records of the Madras Govt.
260 _c1920
942 _h"V21,K,Lr, F0/GD"
_cCC
999 _c700383
_d700383